The civilian conservation corps. (Record no. 21818)

MARC details
000 -LEADER
fixed length control field 00609cam a22001931 4500
001 - CONTROL NUMBER
control field e 41000171
003 - CONTROL NUMBER IDENTIFIER
control field DLC
005 - DATE AND TIME OF LATEST TRANSACTION
control field 20260227111230.0
008 - FIXED-LENGTH DATA ELEMENTS--GENERAL INFORMATION
fixed length control field 750829s1940 xx 000 0 eng
010 ## - LIBRARY OF CONGRESS CONTROL NUMBER
LC control number e 41000171
035 ## - SYSTEM CONTROL NUMBER
System control number (OCoLC)1580627
040 ## - CATALOGING SOURCE
Original cataloging agency DLC
Transcribing agency FMU
Modifying agency DLC
042 ## - AUTHENTICATION CODE
Authentication code premarc
050 00 - LIBRARY OF CONGRESS CALL NUMBER
Classification number SD143
Item number .A58
110 2# - MAIN ENTRY--CORPORATE NAME
Corporate name or jurisdiction name as entry element American Council on Education.
Subordinate unit American Youth Commission.
245 14 - TITLE STATEMENT
Title The civilian conservation corps.
Remainder of title Recommendations of the American council on education.
260 ## - PUBLICATION, DISTRIBUTION, ETC.
Place of publication, distribution, etc. [Washington, D.C.]
Name of publisher, distributor, etc. The American youth commission,
Date of publication, distribution, etc. [1940]
300 ## - PHYSICAL DESCRIPTION
Extent 22 [2] p.
Dimensions 23 cm.

No items available.

Powered by Koha